000 00601cam a22002054a 4500
001 15105340
005 20240219001222.0
008 071102s2008 ii b 001 0 eng
020 _a9788187374503
040 _aDLC
_cDLC
_dDLC
082 _222
_a320.
_bDEM.
100 1 _aManoharan, N.
245 1 0 _aDemocratic dilemma :
_bethnic violence and human rights in Sri Lanka /
_cN. Manoharan.
260 _aNew Delhi :
_bSamskriti,
_c2008.
300 _axxv, 279 p. ;
650 0 _aHuman rights
650 0 _aEthnic conflict
856 4 1 _uhttp://www.loc.gov/catdir/toc/fy0804/2007375926.html
942 _cL
999 _c423
_d423